| 000 | 00655nam a22002417a 4500 | ||
|---|---|---|---|
| 001 | BS2023000678 | ||
| 003 | BR-BrBNA | ||
| 005 | 20231213112817.0 | ||
| 008 | 231213b bl.||||| |||| 00| 0 por d | ||
| 020 | _a978-85-62258-02-2 | ||
| 040 |
_aBR-BrBNA _bpor |
||
| 041 | _apor | ||
| 072 | _aE20 | ||
| 100 |
_4org. _aSento-Sé, João Trajano |
||
| 245 |
_aSegurança Pública - Outros olhares, novas possibilidades / _cJoão Trajano Sento-Sé |
||
| 260 |
_aBrasília, DF : _bSPM, _c2009. |
||
| 300 | _a176 p. | ||
| 650 | _aSEGURANÇA PÚBLICA | ||
| 650 | _aMULHERES | ||
| 909 |
_a202312 _bAna Lívia |
||
| 942 | _cBK | ||
| 999 |
_c259978 _d259978 |
||